Statistics for 市区町村名に一度だけ使用されている文字

Click here to take the quiz!

General Stats

  • This quiz has been taken 31 times
    (20 since last reset)
  • The average score is 234 of 311

Answer Stats

文字都道府県市区町村% Correct
コ | セ | ニ北海道ニセコ町
100%
ア | ス | プ | ル山梨県南アルプス市
100%
北海道斜里町
94%
孫 | 我千葉県我孫子市
94%
嬬 | 恋群馬県嬬恋村
94%
佐賀県嬉野市
94%
新潟県妙高市
94%
徳島県三好市
94%
鹿児島県奄美市
94%
北海道夕張市
94%
大阪府寝屋川市
94%
広島県三次市
94%
長崎県壱岐市
94%
東京都墨田区
94%
北海道増毛町
94%
和歌山県御坊市
94%
佐賀県唐津市
94%
北海道美唄市
94%
石川県羽咋市
94%
福岡県太宰府市
94%
富山県射水市
94%
長崎県対馬市
94%
山形県最上町
94%
北海道北斗市
94%
奈良県斑鳩町
94%
福井県敦賀市
94%
兵庫県播磨町
94%
大阪府摂津市
94%
長野県安曇野市
94%
鹿児島県指宿市
94%
山梨県北杜市
94%
千葉県君津市
94%
岩手県久慈市
94%
沖縄県恩納村
94%
青森県弘前市
94%
廿広島県廿日市市
94%
北海道帯広市
94%
屈 | 弟北海道弟子屈町
94%
兵庫県尼崎市
94%
広島県呉市
94%
大阪府堺市
94%
似 | 様北海道様似町
94%
秋田県にかほ市
94%
北海道占冠村
94%
匝 | 瑳千葉県匝瑳市
94%
香川県さぬき市
94%
北海道倶知安町
94%
北海道えりも町
94%
東京都八丈町
94%
福岡県宗像市
94%
福島県双葉町
94%
埼玉県嵐山町
88%
長崎県佐世保市
88%
岡山県美作市
88%
北海道余市町
88%
熊本県人吉市
88%
大阪府交野市
88%
岡山県高梁市
88%
茨城県鹿嶋市
88%
北海道江差町
88%
宮城県亘理町
88%
妹 | 背北海道妹背牛町
88%
群馬県桐生市
88%
栃木県栃木市
88%
大阪府枚方市
88%
鹿児島県枕崎市
88%
大阪府羽曳野市
88%
鹿児島県姶良市
88%
福島県只見町
88%
長野県信濃町
88%
務 | 各岐阜県各務原市
88%
栃木県壬生町
88%
佐賀県神埼市
88%
沖縄県糸満市
81%
新潟県新発田市
81%
洞 | 爺北海道洞爺湖町
81%
宮城県柴田町
81%
静岡県熱海市
81%
北海道標茶町
81%
大阪府四條畷市
81%
静岡県焼津市
81%
宮城県塩竈市
81%
沖縄県宜野湾市
81%
山形県天童市
81%
北海道紋別市
81%
長野県千曲市
81%
岩手県盛岡市
81%
神奈川県箱根町
81%
山梨県笛吹市
81%
兵庫県淡路市
81%
茨城県結城市
81%
鳥取県伯耆町
81%
東京都練馬区
81%
神奈川県相模原市
81%
北海道小樽市
81%
橿奈良県橿原市
81%
北海道美瑛町
81%
大阪府高槻市
81%
新潟県胎内市
81%
千葉県習志野市
81%
秋田県男鹿市
81%
埼玉県桶川市
81%
北海道千歳市
81%
東京都狛江市
81%
埼玉県蕨市
81%
新潟県燕市
81%
沖 | 縄沖縄県沖縄市
81%
東京都青梅市
81%
岩手県普代村
81%
北海道留萌市
81%
北海道稚内市
81%
北海道新得町
81%
三重県東員町
81%
宮崎県えびの市
81%
壮 | 瞥北海道壮瞥町
81%
長野県売木村
81%
北海道音威子府村
81%
兵庫県宍粟市
81%
剣 | 淵北海道剣淵町
81%
北海道幕別町
81%
神奈川県秦野市
81%
東京都杉並区
81%
福岡県うきは市
81%
千葉県南房総市
81%
鹿児島県曽於市
81%
岐阜県揖斐川町
81%
愛知県扶桑町
81%
北海道大空町
75%
千葉県袖ケ浦市
75%
長野県辰野町
75%
神奈川県逗子市
75%
埼玉県長瀞町
75%
石川県穴水町
75%
栃木県那須烏山市
75%
愛知県犬山市
75%
京都府舞鶴市
75%
北海道礼文町
75%
佐賀県玄海町
75%
兵庫県西脇市
75%
福岡県志免町
75%
長崎県小値賀町
75%
佐賀県基山町
75%
北海道白糠町
75%
岡山県総社市
75%
香川県まんのう町
75%
岐阜県山県市
75%
長野県喬木村
75%
福岡県みやこ町
75%
岩手県矢巾町
75%
香川県観音寺市
75%
調東京都調布市
75%
北海道網走市
75%
福島県磐梯町
75%
愛知県蟹江町
75%
沖縄県読谷村
75%
長崎県諫早市
75%
鹿児島県与論町
75%
北海道京極町
75%
北海道大樹町
75%
払 | 猿北海道猿払村
75%
沖縄県那覇市
75%
沖縄県名護市
75%
愛知県蒲郡市
75%
福井県鯖江市
69%
千葉県鴨川市
69%
鹿児島県西之表市
69%
静岡県袋井市
69%
愛知県設楽町
69%
岐阜県飛騨市
69%
福岡県粕屋町
69%
精 | 華京都府精華町
69%
山梨県韮崎市
69%
山梨県身延町
69%
神奈川県開成町
69%
静岡県静岡市
69%
鹿児島県霧島市
69%
奈良県宇陀市
69%
千葉県銚子市
69%
宮城県大衡村
69%
鹿児島県薩摩川内市
69%
茨城県鉾田市
69%
北海道芽室町
69%
三重県鈴鹿市
69%
岩手県釜石市
69%
埼玉県蓮田市
69%
青森県蓬田村
69%
福島県猪苗代町
69%
京都府与謝野町
69%
静岡県裾野市
69%
福井県永平寺町
69%
三重県尾鷲市
69%
岡山県美咲町
69%
福島県楢葉町
69%
福島県桑折町
69%
山梨県忍野村
69%
宮崎県日之影町
69%
沖縄県今帰仁村
69%
岐阜県御嵩町
69%
福島県塙町
69%
北海道初山別村
69%
石川県内灘町
69%
北海道共和町
69%
埼玉県松伏町
69%
福岡県大任町
69%
付 | 肝鹿児島県肝付町
69%
北海道乙部町
69%
埼玉県ふじみ野市
69%
群馬県みどり市
69%
埼玉県ときがわ町
69%
北海道新ひだか町
69%
大阪府忠岡町
69%
神奈川県大磯町
69%
山口県美祢市
69%
愛知県碧南市
69%
山形県高畠町
69%
鹿児島県喜界町
69%
岐阜県坂祝町
69%
兵庫県佐用町
63%
島根県隠岐の島町
63%
新潟県見附市
63%
奈良県御杖村
63%
沖縄県伊是名村
63%
長崎県東彼杵町
63%
北海道訓子府町
63%
愛知県日進市
63%
島根県知夫村
63%
青森県外ヶ浜町
63%
岐阜県八百津町
63%
宮城県山元町
63%
籠 | 聖新潟県聖籠町
63%
岩手県雫石町
63%
長野県立科町
63%
熊本県苓北町
63%
奈良県曽爾村
63%
奈良県平群町
63%
東京都葛飾区
63%
三重県菰野町
63%
宮城県涌谷町
63%
青森県鰺ヶ沢町
63%
青森県田舎館村
63%
青森県大鰐町
63%
大阪府箕面市
63%
福岡県苅田町
63%
北海道積丹町
63%
秋田県八郎潟町
56%
埼玉県鴻巣市
56%
長野県木祖村
56%
千葉県鋸南町
56%
宮崎県高鍋町
56%
愛媛県鬼北町
56%
愛媛県砥部町
56%
北海道豊頃町
56%
長野県豊丘村
56%
山形県遊佐町
56%
熊本県産山村
56%
埼玉県皆野町
56%
鹿児島県宇検村
56%
北海道鹿追町
56%
高知県檮原町
56%
岩手県大槌町
56%
長野県泰阜村
56%
京都府和束町
56%
福島県矢祭町
56%
群馬県片品村
56%
岐阜県安堵町
56%
鹿児島県球磨村
56%
群馬県甘楽町
56%
宮崎県都農町
56%
宮崎県三股町
56%
長野県麻績村
56%
岡山県奈義町
50%
山梨県小菅村
50%
熊本県玖珠町
50%
群馬県榛東村
50%
福岡県鞍手町
50%
群馬県東吾妻町
50%
徳島県藍住町
50%
北海道雨竜町
50%
青森県階上町
50%
長崎県時津町
50%
岩手県田野畑村
50%
福岡県大刀洗町
50%
宮崎県椎葉村
50%
鹿児島県南大隅町
44%
長野県飯綱町
44%
福島県鮫川村
44%
山形県鮭川村
44%
福島県飯舘村
44%
千葉県睦沢町
44%
奈良県野迫川村
44%
奈良県広陵町
38%

Score Distribution

Percentile by Number Answered

Percent of People with Each Score

Your Score History

You have not taken this quiz since the last reset